000 00632nam a22002175a 4500
005 20170222104625.0
008 170222s2007 ua frb 000 0 eng d
020 _a9770449644
040 _aEG-ScBUE
_beng
_cEG-ScBUE
082 0 4 _a345
_bABO
_222
100 1 _aAbou El-Wafa, Ahmed.
245 1 0 _aCriminal international law /
_cAhmed Abou El-Wafa.
250 _a1st ed.
260 _aCairo :
_bDar Al-Nahda Al-Arabia,
_c2007.
300 _a481 p. ;
_c24 cm.
504 _aIncludes bibliographical references.
650 7 _aInternational criminal law.
_2BUEsh
651 _2BUEsh
653 _bLLAAWW
_cFebruary2017
942 _2ddc
999 _c24225
_d24197